Municipios de Puebla - Estadísticas

Estadísticas generales
  • Esta prueba ha sido intentada 92 veces
  • La puntuación promedio es 40 de 217
Respuestas en el mapa
Las respuestas están codificadas por una escala verde-roja en el mapa de la prueba según el % correcto abajo.
 
Estadísticas de respuestas
Respuesta % Correcto
Angelópolis Puebla
90%
Angelópolis San Andrés Cholula
85%
Angelópolis San Pedro Cholula
85%
Valle de Atlixco y Matamoros Atlixco
82%
Valle de Atlixco y Matamoros Santa Isabel Cholula
79%
Sierra Norte Zacatlán
72%
Tehuacán y Sierra Negra Tehuacán
67%
Sierra Norte Chignahuapan
62%
Valle de Atlixco y Matamoros Izúcar de Matamoros
59%
Angelópolis San Martín Texmelucan
59%
Angelópolis Amozoc
56%
Sierra Nororiental Teziutlán
56%
Sierra Nororiental Cuetzalan del Progreso
51%
Sierra Norte Huauchinango
51%
Sierra Norte Honey
49%
Valle de Serdán Libres
49%
Valle de Atlixco y Matamoros San Martín Totoltepec
49%
Angelópolis Huejotzingo
46%
Mixteca La Magdalena Tlatlauquitepec
44%
Sierra Norte Pahuatlán
44%
Sierra Nororiental Tlatlauquitepec
44%
Mixteca San Pedro Yeloixtlahuaca
41%
Sierra Norte Tetela de Ocampo
41%
Sierra Norte Xicotepec
41%
Mixteca Acatlán
38%
Sierra Nororiental Zacapoaxtla
38%
Angelópolis Acajete
36%
Angelópolis Coronango
36%
Angelópolis San Miguel Xoxtla
36%
Angelópolis Tepeaca
36%
Mixteca Chiautla
33%
Angelópolis Ocoyucan
31%
Valle de Serdán San Nicolás Buenos Aires
31%
Valle de Serdán San Salvador el Seco
31%
Angelópolis San Salvador el Verde
31%
Valle de Serdán San Salvador Huixcolotla
31%
Sierra Nororiental Zaragoza
31%
Sierra Norte Ahuacatlán
28%
Valle de Atlixco y Matamoros Atzala
28%
Mixteca Chila
28%
Angelópolis Cuautlancingo
28%
Valle de Atlixco y Matamoros Huaquechula
28%
Tehuacán y Sierra Negra San José Miahuatlán
28%
Mixteca San Juan Atzompa
28%
Sierra Nororiental Huehuetla
26%
Angelópolis Juan C. Bonilla
26%
Valle de Serdán San José Chiapa
26%
Valle de Serdán San Juan Atenco
26%
Mixteca San Miguel Ixitlán
26%
Sierra Norte Ahuazotepec
23%
Sierra Norte Francisco Z. Mena
23%
Mixteca Huehuetlán el Grande
23%
Valle de Serdán Oriental
23%
Tehuacán y Sierra Negra San Antonio Cañada
23%
Valle de Serdán Tecamachalco
23%
Valle de Atlixco y Matamoros Tepeojuma
23%
Angelópolis Tlahuapan
23%
Sierra Norte Tlaxco
23%
Valle de Serdán Acatzingo de Hidalgo
21%
Angelópolis Calpan
21%
Valle de Atlixco y Matamoros Chietla
21%
Mixteca Chila de la Sal
21%
Angelópolis Domingo Arenas
21%
Valle de Serdán Esperanza
21%
Sierra Norte Jopala
21%
Angelópolis Nealtican
21%
Valle de Serdán Ocotepec
21%
Angelópolis San Felipe Teotlalcingo
21%
Angelópolis San Nicolás de los Ranchos
21%
Mixteca San Pablo Anicano
21%
Angelópolis Tecali de Herrera
21%
Mixteca Tehuitzingo
21%
Sierra Norte Venustiano Carranza
21%
Sierra Nororiental Acateno
18%
Valle de Atlixco y Matamoros Ahuatlán
18%
Sierra Nororiental Ayotoxco de Guerrero
18%
Sierra Norte Coatepec
18%
Mixteca Guadalupe
18%
Sierra Nororiental Hueytamalco
18%
Sierra Norte Ixtacamaxtitlán
18%
Sierra Norte Naupan
18%
Valle de Atlixco y Matamoros Tilapa
18%
Angelópolis Tlaltenango
18%
Valle de Atlixco y Matamoros Tlapanalá
18%
Valle de Atlixco y Matamoros Tochimilco
18%
Mixteca Albino Zertuche
15%
Valle de Serdán Chalchicomula de Sesma
15%
Valle de Serdán Chilchotla
15%
Mixteca Chinantla
15%
Mixteca Cohetzala
15%
Valle de Atlixco y Matamoros Epatlán
15%
Mixteca Ixcamilpa de Guerrero
15%
Sierra Norte Jalpan
15%
Mixteca Jolalpan
15%
Angelópolis Mixtla
15%
Valle de Serdán Rafael Lara Grajales
15%
Sierra Norte San Felipe Tepatlán
15%
Mixteca Tecomatlán
15%
Valle de Atlixco y Matamoros Teopantlán
15%
Valle de Atlixco y Matamoros Tepexco
15%
Mixteca Tepexi de Rodríguez
15%
Sierra Norte Tlaola
15%
Mixteca Tulcingo
15%
Tehuacán y Sierra Negra Zapotitlán
15%
Sierra Nororiental Zapotitlán de Méndez
15%
Mixteca Ahuehuetitla
13%
Valle de Serdán Aljojuca
13%
Sierra Nororiental Atempan
13%
Mixteca Axutla
13%
Sierra Nororiental Chignautla
13%
Mixteca Coyotepec
13%
Mixteca Huehuetlán el Chico
13%
Sierra Norte Juan Galindo
13%
Angelópolis Nopalucan
13%
Mixteca Petlalcingo
13%
Mixteca San Jerónimo Xayacatlán
13%
Mixteca Santa Catarina Tlaltempan
13%
Sierra Nororiental Teteles de Ávila Castillo
13%
Angelópolis Tochtepec
13%
Valle de Atlixco y Matamoros Xochiltepec
13%
Mixteca Zacapala
13%
Sierra Norte Aquixtla
10%
Mixteca Coatzingo
10%
Angelópolis Cuautinchán
10%
Valle de Serdán Cuyoaco
10%
Valle de Serdán Guadalupe Victoria
10%
Sierra Norte Hermenegildo Galeana
10%
Valle de Serdán Quimixtlán
10%
Valle de Atlixco y Matamoros San Gregorio Atzompa
10%
Valle de Atlixco y Matamoros San Jerónimo Tecuanipan
10%
Angelópolis San Matías Tlalancaleca
10%
Valle de Serdán Tepeyahualco
10%
Angelópolis Tepeyahualco de Cuauhtémoc
10%
Mixteca Totoltepec de Guerrero
10%
Sierra Nororiental Xiutetelco
10%
Sierra Nororiental Zautla
10%
Sierra Norte Amixtlán
8%
Valle de Serdán Atzitzintla
8%
Sierra Norte Camocuautla
8%
Angelópolis Chiautzingo
8%
Valle de Serdán Chichiquila
8%
Sierra Norte Chiconcuautla
8%
Mixteca Chigmecatitlán
8%
Valle de Serdán Cuapiaxtla de Madero
8%
Valle de Serdán General Felipe Ángeles
8%
Mixteca Huatlatlauca
8%
Sierra Nororiental Ixtepec
8%
Sierra Nororiental Jonotla
8%
Mixteca Juan N. Méndez
8%
Sierra Norte Olintla
8%
Sierra Norte Pantepec
8%
Mixteca Piaxtla
8%
Valle de Atlixco y Matamoros San Diego La Mesa Tochimiltzingo
8%
Tehuacán y Sierra Negra San Sebastián Tlacotepec
8%
Mixteca Santa Inés Ahuatempan
8%
Angelópolis Santo Tomás Hueyotlipan
8%
Angelópolis Tepatlaxco de Hidalgo
8%
Valle de Atlixco y Matamoros Tianguismanalco
8%
Tehuacán y Sierra Negra Tlacotepec de Benito Juárez
8%
Sierra Norte Tlacuilotepec
8%
Sierra Norte Tlapacoya
8%
Mixteca Tzicatlacoyan
8%
Mixteca Xicotlán
8%
Sierra Norte Zihuateutla
8%
Sierra Norte Zongozotla
8%
Tehuacán y Sierra Negra Zoquitlán
8%
Valle de Atlixco y Matamoros Acteopan
5%
Tehuacán y Sierra Negra Altepexi
5%
Mixteca Atexcal
5%
Sierra Nororiental Atlequizayan
5%
Angelópolis Atoyatempan
5%
Valle de Atlixco y Matamoros Atzitzihuacán
5%
Tehuacán y Sierra Negra Caltepec
5%
Valle de Serdán Cañada Morelos
5%
Sierra Nororiental Caxhuacan
5%
Valle de Atlixco y Matamoros Cohuecan
5%
Tehuacán y Sierra Negra Coyomeapan
5%
Sierra Norte Cuautempan
5%
Sierra Nororiental Hueyapan
5%
Sierra Nororiental Hueytlalpan
5%
Valle de Serdán Lafragua
5%
Valle de Serdán Los Reyes de Juárez
5%
Tehuacán y Sierra Negra Nicolás Bravo
5%
Valle de Serdán Palmar de Bravo
5%
Valle de Serdán Quecholac
5%
Sierra Norte Tepango de Rodríguez
5%
Mixteca Xayacatlán de Bravo
5%
Sierra Norte Xochiapulco
5%
Sierra Nororiental Xochitlán de Vicente Suárez
5%
Tehuacán y Sierra Negra Ajalpan
3%
Tehuacán y Sierra Negra Chapulco
3%
Tehuacán y Sierra Negra Coxcatlán
3%
Mixteca Cuayuca de Andrade
3%
Sierra Nororiental Huitzilan de Serdán
3%
Mixteca Huitziltepec
3%
Valle de Serdán Mazapiltepec de Juárez
3%
Mixteca Molcaxac
3%
Sierra Nororiental Nauzontla
3%
Tehuacán y Sierra Negra San Gabriel Chilac
3%
Tehuacán y Sierra Negra Santiago Miahuatlán
3%
Valle de Serdán Soltepec
3%
Sierra Nororiental Tenampulco
3%
Tehuacán y Sierra Negra Tepanco de López
3%
Sierra Norte Tepetzintla
3%
Valle de Serdán Tlachichuca
3%
Angelópolis Tlanepantla
3%
Sierra Nororiental Tuzamapan de Galeana
3%
Tehuacán y Sierra Negra Vicente Guerrero
3%
Mixteca Xochitlán Todos Santos
3%
Sierra Nororiental Yaonáhuac
3%
Tehuacán y Sierra Negra Yehualtepec
3%
Sierra Nororiental Zoquiapan
3%
Tehuacán y Sierra Negra Eloxochitlán
0%
Mixteca Ixcaquixtla
0%
Mixteca Teotlalco
0%
Valle de Atlixco y Matamoros Tepemaxalco
0%
Tehuacán y Sierra Negra Zinacatepec
0%
No se encontraron pruebas coincidentes
Distribución de puntuación
Porcentaje de gente con cada puntuación
Porcentaje por número respondido
Historial de tus puntuaciones
No has intentado esta prueba.